• 首页
  • 本馆介绍
  • 公告通知
  • 最新文献
  • 馆藏检索
  • 电子资源
  • 读者导购
  • 参考咨询
  • 我的图书馆
  • 登录
  • 详细信息显示
  • 放入我的书架
  • 预约/预借图书
  • 作者相关作品
  • 分类相关作品
  • 丛书相关作品
  • 出版社相关作品

书目信息

  • 表格格式
  • 工作单格式
  • 卡片格式
题名:
电磁选矿学
    
 
作者: 杰尔卡奇 , 达秋克合 著 ;邹运琳 , 梁弘 , 马维山 , 刘砚田 译
分册:  
出版信息: 北京   冶金工业出版社  1957.07
页数: 278页
开本: 19cm
丛书名:
单 册:
中图分类: TD924
科图分类:
主题词: 选矿流程 , 选矿方法
电子资源:
ISBN:
000 00835nam0 2200277 45
001 0310271455
005 20031219104120.4
010    @dCNY1.50
091    @a15062.627
100    @a20031027d1957 km y0chiy0120 ea
101 0  @achi
105    @aea z 000yy
200 1  @a电磁选矿学@ADian Ci Xuan Kuang Xue@fВ.Г.杰尔卡奇,И.С.达秋克合著@FВ.Г.Jie Er Ka Qi,И.С.Da Qiu Ke He Zhu@g邹运琳译@g梁弘,马维山,刘砚田校
210    @a北京@c冶金工业出版社@d1957.07
215    @a278页@c图表@d19cm
606 0  @a选矿流程
606 0  @a选矿方法
690    @aTD924@v3
701  0 @a杰尔卡奇@4著
701  0 @a达秋克合@4著
702  0 @a邹运琳@AZou Yun Lin@4译
702  0 @a梁弘@ALiang Hong@4校
702  0 @a马维山@AMa Wei Shan@4校
702  0 @a刘砚田@ALiu Yan Tian@4校
801    @aCN@bTSTC@c20031027
905    @f1@b16229@dTD924@e1
    
    电磁选矿学/В.Г.杰尔卡奇,И.С.达秋克合著/邹运琳译/梁弘,马维山,刘砚田校.-北京:冶金工业出版社,1957.07
    278页:图表;19cm
    
    
    ISBN :CNY1.50
    
●
相关链接 在E读中查询图书 在五车中查询图书 在当当中查询图书 在豆瓣中查询图书


正题名:电磁选矿学     索取号:TD924/1         预约/预借

序号 登录号 条形码 馆藏地/架位号 状态 备注
1 0016229   001515676   密集书库/ [索取号:TD924/1] 在馆    
唐山师范学院图书馆 欢迎您!
大连网信软件有限公司© 版权所有